书目信息 |
| 题名: |
中华史纲
|
|
| 作者: | 李定一 著 | |
| 分册: | ||
| 出版信息: | 北京 北京大学出版社 1997.09 |
|
| 页数: | 565页 | |
| 开本: | 32开 | |
| 丛书名: | ||
| 单 册: | ||
| 中图分类: | K209 | |
| 科图分类: | ||
| 主题词: | 中国--通史 | |
| 电子资源: | ||
| ISBN: | 7-301-03068-1 | |
| 000 | 00523nam0 2200193 45 | |
| 001 | 0007281712 | |
| 005 | 20000728175409.6 | |
| 010 | @a7-301-03068-1@d21.80元 | |
| 100 | @a20000728d1997 km y0chiy0120 ea | |
| 101 | 0 | @achi |
| 105 | @a z 000yy | |
| 200 | 1 | @a中华史纲@AZhong Hua Shi Gang@f李定一 著@FLi Ding Yi Zhu |
| 210 | @a北京@c北京大学出版社@d1997.09 | |
| 215 | @a565页@d32开 | |
| 606 | 0 | @a中国@x通史 |
| 690 | @aK209@v3 | |
| 701 | 0 | @a李定一@4著 |
| 801 | @aCN@bPftUser@c20000728 | |
| 905 | @b81344-348@dK209@eL910@f5 | |
| 中华史纲/李定一 著.-北京:北京大学出版社,1997.09 |
| 565页;32开 |
| ISBN 7-301-03068-1:21.80元 |
| ● |
| 相关链接 |
|
|
|
正题名:中华史纲
索取号:K209/L910
 
预约/预借
| 序号 | 登录号 | 条形码 | 馆藏地/架位号 | 状态 | 备注 |
| 1 | 81344 | 200813441 | 自科二线404/400A自科库 7排2列5层/ [索取号:K209/L910] | 在馆 | |
| 2 | 81345 | 200813450 | 自科二线404/400A自科库 6排3列2层/ [索取号:K209/L910] | 在馆 | |
| 3 | 81346 | 200813469 | 自科二线404/400A自科库 7排2列5层/ [索取号:K209/L910] | 在馆 | |
| 4 | 81347 | 200813478 | 社科库309/309社科库 31排5列3层/ [索取号:K209/L910] | 在馆 | |
| 5 | 81348 | 200813487 | 社科库309/309社科库 31排5列3层/ [索取号:K209/L910] | 在馆 |